00763 2200301 4500001002100000005001500021035002000036245004600056100001100102250001100113300003600124700002400160260004100184082001100225084001700236020002200253650002200275520003500297008004100332990001100373990001100384990001100395990001100406990001100417990001100428990001100439990001100450INLIS00000000000174820241204102846 a0010-12240000011 aSantai Aja, Namanya Juga Hidup! /cYozuck0 aYozuck acet. 5 aviii, 312 hlm :bilust ;c19 cm0 aPresilia Prihastuti aJakarta :bTransMedia Pustaka,c2022 a155.25 a155.25 YOZ s a978-623-7100-20-1 4aPengembangan Diri aAs You Live for the First Time241204 0  a003638 a003639 a003639 a003638 a003638 a003639 a003637 a003638